| 000 | 01182cam a22002774a 4500 | ||
|---|---|---|---|
| 999 |
_c342284 _d342284 |
||
| 001 | 12440694 | ||
| 003 | NUST | ||
| 005 | 20171215113158.0 | ||
| 008 | 010613s2002 enka bf 001 0 eng | ||
| 010 | _a 2001037619 | ||
| 020 | _a0632057157 (alk. paper) | ||
| 040 |
_aDLC _cDLC _dDLC |
||
| 042 | _apcc | ||
| 050 | 0 | 0 | _aTP155.2.E58 H36 2002 |
| 082 | 0 | 0 |
_a660 CLA _221 |
| 245 | 0 | 0 |
_aHandbook of green chemistry and technology / _cEdited by James Clark and Duncan Macquarrie. |
| 246 | 3 | _aGreen chemistry and technology | |
| 260 |
_aOxford [England] ; _aMalden, MA : _bBlackwell Science, _c2002. |
||
| 300 |
_axx, 540 p. : _bill. ; _c26 cm. |
||
| 500 | _aH.B | ||
| 504 | _aIncludes bibliographical references and index. | ||
| 650 | 0 |
_aGreen chemistry. _9747 |
|
| 650 | 0 |
_aEnvironmental management. _96432 |
|
| 700 | 1 |
_aClark, James H. _97344 |
|
| 700 | 1 |
_aMacquarrie, Duncan J. _97345 |
|
| 906 |
_a7 _bcbc _corignew _d1 _eocip _f20 _gy-gencatlg |
||
| 942 |
_2ddc _cBK _kIESE |
||